00729nam a22001937a 450000500170000002000180001710000250003524500300006026000470009030000110013749000360014850000130018465000240019765000160022165000230023794200120026099900190027295202440029120260114113310.0 a9780521194082 aPinkus, Allan 97937 aTotally positive matrices aNew YorkbCambridge university pressc2010 axi+182 aCambridge tracts in mathematics aVol. 181 aMatrix theory97914 aEigenvalues aEigenvectors97938 2ddccBK c755076d755076 00102ddc40708GIFaMATbMATcGENd2026-01-08eDonated by Dr. Krishna Kumar G on the completion of SERB sponsored project (UO. No: Ad.F1/1373/2021 dated 22/01/2024)g9689.03l0o512.943 PIN-TpMATG263r2026-01-14 06:04:12w2026-01-14yBK